[Event "Bloemfontein-ch op"]
[Site "Bloemfontein"]
[Date "2018.07.14"]
[Round "11"]
[White "Seleka, Mahooana Victor"]
[Black "Lesuthu, Kali M"]
[Result "0-1"]
[WhiteElo "1859"]
[BlackElo "1580"]
[PlyCount "81"]
[EventDate "2018.07.07"]
[EventType "swiss"]
[EventRounds "11"]
[EventCountry "RSA"]
[SourceTitle "EXT 2019"]
[Source "ChessBase"]
[SourceDate "2018.10.10"]
[SourceVersion "1"]
[SourceVersionDate "2018.10.10"]
[SourceQuality "1"]

1. e4 e5 2. Nf3 Nc6 3. Bc4 Nf6 4. d4 exd4 5. Nxd4 Bc5 6. Nxc6 bxc6 7. e5 Ne4 8. Bxf7+ Kxf7 9. Qf3+ Ke8 10. Qxe4 Ba6 11. c4 Qe7 12. 0-0 d5 13. Qg4 Bxc4 14. Re1 Rf8 15. Be3 Bxe3 16. Rxe3 c5 17. Nd2 Bb5 18. e6 Rf6 19. Qh5+ g6 20. Qxd5 Rd8 21. Qb7 c6 22. Qxe7+ Kxe7 23. Nb3 Rd5 24. Rae1 c4 25. Na5 Rd2 26. R3e2 c3 27. Re3 Rfxf2 28. Rh3 Rxg2+ 29. Kh1 h5 30. bxc3 Rxa2 31. Nb3 Bc4 32. Nd4 Bd5 33. Nf3 Rgf2 34. Kg1 Bxf3 35. Rg3 Bg4 36. h3 Bf5 37. Rge3 Rg2+ 38. Kh1 Rh2+ 39. Kg1 Rxh3 40. Re5 Rah2 41. Ra5 0-1

[Event "Bloemfontein-ch op"]
[Site "Bloemfontein"]
[Date "2018.07.11"]
[Round "7"]
[White "Seleka, Mahooana Victor"]
[Black "Kabi, Thato"]
[Result "1-0"]
[WhiteElo "1859"]
[BlackElo "1710"]
[PlyCount "73"]
[EventDate "2018.07.07"]
[EventType "swiss"]
[EventRounds "11"]
[EventCountry "RSA"]
[SourceTitle "EXT 2019"]
[Source "ChessBase"]
[SourceDate "2018.10.10"]
[SourceVersion "1"]
[SourceVersionDate "2018.10.10"]
[SourceQuality "1"]

1. e4 d5 2. exd5 Nf6 3. c4 c6 4. dxc6 Nxc6 5. Nf3 e5 6. d3 Bc5 7. Be2 Bf5 8. 0-0 h6 9. a3 0-0 10. Nc3 a5 11. Be3 Bd4 12. Bxd4 Nxd4 13. Nxd4 Qxd4 14. Qc2 Qxc4 15. dxc4 Bxc2 16. Rac1 Bb3 17. Rfe1 Rfe8 18. Nb5 Re7 19. Rc3 a4 20. Nd6 Rd8 21. c5 g6 22. Bc4 Nd5 23. Rxb3 axb3 24. Bxd5 b6 25. Bxb3 bxc5 26. Nxf7 Rxf7 27. f3 Rb8 28. Bxf7+ Kxf7 29. Rxe5 Rxb2 30. Rxc5 Ra2 31. Ra5 g5 32. Ra6 h5 33. h3 Ra1+ 34. Kh2 Ra2 35. h4 gxh4 36. Rh6 Rxa3 37. Rxh5 1-0

[Event "Bloemfontein-ch op"]
[Site "Bloemfontein"]
[Date "2018.07.07"]
[Round "1"]
[White "Seleka, Mahooana Victor"]
[Black "Valashia, Itumeleng Houston"]
[Result "0-1"]
[WhiteElo "1859"]
[BlackElo "1574"]
[PlyCount "50"]
[EventDate "2018.07.07"]
[EventType "swiss"]
[EventRounds "11"]
[EventCountry "RSA"]
[SourceTitle "EXT 2019"]
[Source "ChessBase"]
[SourceDate "2018.10.10"]
[SourceVersion "1"]
[SourceVersionDate "2018.10.10"]
[SourceQuality "1"]

1. e4 e5 2. Nf3 Nc6 3. Bc4 Bc5 4. c3 d6 5. d4 exd4 6. cxd4 Bb6 7. Bg5 f6 8. Be3 Bg4 9. 0-0 Qe7 10. Nc3 h5 11. Qa4 Bxf3 12. gxf3 0-0-0 13. Nd5 Qd7 14. Nf4 Nxd4 15. Qd1 g5 16. Nd5 Nc6 17. Nxb6+ axb6 18. Rc1 Ne5 19. Bxb6 Kb8 20. Bxc7+ Qxc7 21. Bxg8 Qd7 22. Bc4 Qh3 23. Be2 g4 24. f4 Nf3+ 25. Bxf3 gxf3 0-1